000
00325nam a22001337a 4500
008
170529b xxu||||| |||| 00| 0 eng d
020
_a
3540093400
041
_a
eng
080
_a
62
100
_a
27
101
_a
IM
245
_a
LECTURE NOTES IN CONTROL AND INFORMATION SCIENCES
_c
BALAKRISHNAN,A.V
942
_2
udc
_c
BK
999
_c
14717
_d
14717